Desarrollo silvicultural en el Pacífico Tumaco (Registro nro. 16462)

Detalles MARC
000 -CABECERA
Campo de control 007640000a22002410004500
041 0# - IDIOMA
Código de idioma para texto/pista de sonido o título separado
090 ## - CLASIFICACIÓN LOCAL
Colección MM
Consecutivo 00006
041 0# - IDIOMA
Código de idioma para texto/pista de sonido o título separado
044 ## - PAÍS DE PUBLICACIÓN
País de publicación
110 1# - ASIENTO PRINCIPAL--NOMBRE CORPORATIVO
Nombre corporativo o de jurisdicción como elemento de entrada Instituto Nacional de los Recursos Renovables y del Ambiente
-- INDERENA
245 10 - MENCION DE TITULO
Título Desarrollo silvicultural en el Pacífico Tumaco
260 ## - PUBLICACION, DISTRIBUCION, ETC. (PIE DE IMPRENTA)
Nombre del editor, distribuidor, etc. INDERENA
Fecha de publicación, distribución, etc. 1992
300 ## - DESCRIPCION FISICA
Extensión 12 min.
Otros detalles físicos BETA
650 14 - ASIENTO SECUNDARIO DE MATERIA - TERMINO TEMATICO
Término temático o nombre geográfico como elemento de entrada Bosques tropicales
650 14 - ASIENTO SECUNDARIO DE MATERIA - TERMINO TEMATICO
Término temático o nombre geográfico como elemento de entrada Forestación
650 14 - ASIENTO SECUNDARIO DE MATERIA - TERMINO TEMATICO
Término temático o nombre geográfico como elemento de entrada Ensayos de variedades
650 14 - ASIENTO SECUNDARIO DE MATERIA - TERMINO TEMATICO
Término temático o nombre geográfico como elemento de entrada Especies forestales nativas
650 14 - ASIENTO SECUNDARIO DE MATERIA - TERMINO TEMATICO
Término temático o nombre geográfico como elemento de entrada Palmas
650 14 - ASIENTO SECUNDARIO DE MATERIA - TERMINO TEMATICO
Término temático o nombre geográfico como elemento de entrada Sucesión vegetal
651 #4 - ASIENTO SECUNDARIO DE MATERIA - NOMBRE GEOGRAFICO
-- Tumaco
-- Nariño
-- Colombia
653 ## - TERMINO DE INDIZACION - NO CONTROLADO
-- Boraginaceae
-- Cordia
-- Cordia alliodora
-- laurel blanco
942 ## - ELEMENTOS ADICIONALES (KOHA)
Tipo de ítem CD-ROM
Existencias
Withdrawn status Lost status Sistema de Clasificación Damaged status No para préstamo Colección Ubicación Permanente Ubicación actual Fecha de adquisición Fuente de Valor Total Checkouts Número topográfico Inventario / Código de Barras Date last seen Ejemplar Price effective from Forma de adquisición Tipo de material
    Local     Audiovisual Bogotá Bogotá 09/02/2017 Inderena   AV-00006 018191 25/03/2015 Ej. 1 25/03/2015 Donación Betamax
    Local     Audiovisual Bogotá Bogotá 09/02/2017 Inderena   AV-00006 018192 25/03/2015 Ej. 2 25/03/2015 Donación Betamax
    Local     Audiovisual Bogotá Bogotá 09/02/2017 Inderena   AV-00006 018215 25/03/2015 Ej. 3 25/03/2015 Donación Betamax
    Local     Audiovisual Bogotá Bogotá 09/02/2017 Inderena   AV-00006 018216 25/03/2015 Ej. 4 25/03/2015 Donación Betamax
          Audiovisual Villa de Leyva Villa de Leyva 27/02/2015 INDERENA   MM 00006 AUTO_19776 25/03/2015   25/03/2015   CD-ROM
          Audiovisual Villa de Leyva Villa de Leyva 27/02/2015 INDERENA   MM 00006 AUTO_19777 25/03/2015   25/03/2015   CD-ROM
          Audiovisual Villa de Leyva Villa de Leyva 27/02/2015 INDERENA   MM 00006 AUTO_19778 25/03/2015   25/03/2015   CD-ROM
          Audiovisual Villa de Leyva Villa de Leyva 27/02/2015 INDERENA   MM 00006 AUTO_19779 25/03/2015   25/03/2015   CD-ROM